| 000 | 06929 aa a2200481 4500 | ||
|---|---|---|---|
| 005 | 20090904143022.0 | ||
| 010 | _a B-357172 | ||
| 020 |
_a9788190482028 _c150.00 |
||
| 035 | _aB-357172 | ||
| 035 | _aB-372600-619 | ||
| 037 | _bD.B.Act / Pub | ||
| 037 | _bग्लोबल हार्मनी पब्लिशर्स/ PUB | ||
| 082 | _a333.911 | ||
| 100 |
_aसिंह, कामना _920398 |
||
| 245 |
_aपानी है अनमोल / _cकामना सिंह |
||
| 246 |
_aPani Hai Anmol _bby Kamana Singh |
||
| 260 |
_a दिल्ली _bग्लोबल हारमनी पब्लिशर्स _c2009 |
||
| 270 |
_a1376, , अपर मैजेनाइन फ्लोर, कश्मीरी गेट _bदिल्ली _e110006 |
||
| 300 |
_a72पृ _bसचित्र _c24सेमी (सजिल्द) |
||
| 942 |
_adpl _cCH _2ddc _mसिंहका _h333.911 |
||
| 999 |
_c30002 _d30002 |
||